Представление документа в формате RUSMARC

ПолеНазваниеЗначение
  Тип записи a
  Библиографический уровень a
001 Контрольный номер RU/IS/BASE/482336740
005 Дата корректировки 20221130140834.6
100 Данные общей обработки __
a Данные общей обработки 20150414d2015 ||| 0rusy0189 ca
101 Язык документа 0_
a Язык текста rus
102 Страна публикации __
a Страна публикации RU
105 Кодированные данные (монография) __
a Кодированные данные (монография) y###||||000|y
200 Заглавие и сведения об ответственности 1_
a Заглавие Похититель рассудка
b Общее обозначение материала Текст
e Сведения, относящиеся к заглавию [классный час о вреде алкоголя для учащихся 6-9-х классов]
300 Общие примечания __
a Общие примечания Ограничения по возрасту - 16+
320 Библиография __
a Библиография Библиогр.: с. 103
461 Уровень набора _0
1 2000
a Читаем, учимся, играем
463 Уровень физической единицы _0
1 001RU/IS/BASE/482333389
1 2000
a № 2
v С. 99-103
1 210
d 2015
606 Тематические рубрики 0_
a Основная рубрика Здоровый образ жизни - Сценарии
610 Ключевые слова 0_
a Ключевые слова алкоголизм
610 Ключевые слова 0_
a Ключевые слова вредные привычки
610 Ключевые слова 0_
a Ключевые слова борьба с алкоголем
a Ключевые слова сценарии
686 Индексы других классификаций __
a Классификационный индекс 74.200.5
2 Код системы ББК
700 Автор _0
a Фамилия Борисенко
b Имя (инициалы) Г. В.
g Полное личное имя Галина Викторовна
801 Источник записи _0
a Страна RU
b Организация МБУК ЦБС
c Дата составления 20150414
g Правила каталогизации RCR
801 Источник записи _1
a Страна RU
b Организация МБУК ЦБС г. Ульяновска
c Дата составления 20150414
g Правила каталогизации RCR
901 Тип документа __
t Тип документа b
w Контрольный № источника RU/IS/BASE/482333389
938 Служебная информация __
a Имя БД period